书目信息 |
| 题名: |
中国人民解放军政治工作史
|
|
| 作者: | 姜思毅 主编 | |
| 分册: | ||
| 出版信息: | 北京 解放军政治学院出版社 1984 |
|
| 页数: | 528页 | |
| 开本: | 21cm | |
| 丛书名: | ||
| 单 册: | ||
| 中图分类: | E22 | |
| 科图分类: | ||
| 主题词: | 中国人民解放军军史-军队政治工作 , 军队政治工作-中国人民解放军军史 , 军队政治工作--中国 | |
| 电子资源: | ||
| ISBN: | ||
| 000 | 00768nam0 2200265 45 | |
| 001 | 0184013656 | |
| 005 | 20040422102024.3 | |
| 010 | @dCNY3.50 | |
| 091 | @a3349.002 | |
| 100 | @a19950612d1984 emky0chiy0121 ea | |
| 101 | 0 | @achi |
| 102 | @aCN@b110000 | |
| 105 | @ay z 000yy | |
| 106 | @ar | |
| 200 | 10 | @a中国人民解放军政治工作史@Azhong guo ren min jie fang jun zheng zhi gong zuo shi@e讲义@f姜思毅主编 |
| 210 | @a北京@c解放军政治学院出版社@d1984 | |
| 215 | @a528页@d21cm | |
| 606 | @a中国人民解放军军史-军队政治工作 | |
| 606 | @a军队政治工作-中国人民解放军军史 | |
| 606 | 0 | @a军队政治工作@x中国 |
| 690 | @aE22 | |
| 701 | 0 | @a姜思毅@Ajiang si yi@4主编 |
| 801 | 0 | @aCN@b上海图书馆@c20040422 |
| 801 | 2 | @aCN@bNLC@c20040422 |
| 905 | @f1@b139840@dE22@e1 | |
| 中国人民解放军政治工作史:讲义/姜思毅主编.-北京:解放军政治学院出版社,1984 |
| 528页;21cm |
| ISBN :CNY3.50 |
| ● |
| 相关链接 |
|
|
|
|
正题名:中国人民解放军政治工作史
索取号:E22/1
 
预约/预借
| 序号 | 登录号 | 条形码 | 馆藏地/架位号 | 状态 | 备注 |
| 1 | 0139840 | 001260030 | 第一借阅区/ [索取号:E22/1] | 在馆 | |
| 2 | 0139841 | 001260076 | 第一样本阅览室/ [索取号:E22/1] | 在馆 |